| 000 | 00407nam a2200133Ia 4500 | ||
|---|---|---|---|
| 008 | 220204s9999 xx 000 0 und d | ||
| 020 | _a9068321374 | ||
| 082 |
_a332.02 _bZOM |
||
| 100 | _aHaar, Gemma v d | ||
| 245 | 0 | _aCurrent land policy in Lating America : Regulating land tenure under neo-liberalism | |
| 260 |
_aAmsterdam _bRoyal Tropical Institute _c2000 |
||
| 700 | _aZoomers, Annelies | ||
| 942 | _cBK | ||
| 999 |
_c44015 _d44015 |
||